Recipe for success : the 21 indispensable things that can help you succeed in life

Bibliographic Details
Main Author: Etuk, Emma S.
Format: Book
Published: Kuala Lumpur : Golden Books Centre , 2005
Subjects:

MARC

LEADER 00000cam a2200000 7i4500
001 0000003370
005 20050824.0
020 0 0 |a 9837205326 
090 0 0 |a 158.1   |b ETU 
100 1 0 |a Etuk, Emma S. 
245 1 0 |a Recipe for success :   |b the 21 indispensable things that can help you succeed in life   |c Emma S. Etuk 
260 0 0 |a Kuala Lumpur :   |b Golden Books Centre ,   |c 2005 
300 |a v, 245p. ;   |c 22cm. 
650 0 0 |a Success 
650 0 0 |a Success   |x Psychological aspects 
999 |a 0000006299   |b Monograph   |c Open Shelf   |e Default branch